00671nam a2200229Ia 4500003000900000008004100009040001300050040001300063041000800076100002000084245006300104250000900167260001000176260000900186300001100195300000900206300001000215490000600225942000700231999001700238952018600255IT-RoPAU120407s9999 xx 000 0 und d aIT-RoPAU cIT-RoPAU aita aGuido Stendardo aVia Tasso. Museo storico della liberazione di Roma. 2a ed. aRoma aS. E. c1971 a100 p. bill. c24 cm v1 cBK c23990d23990 00102ddc406940_500000000000000_3371aPAULUSbPAULUSd2012-04-11l0o940.5.33r2012-04-11 00:00:00w2012-04-11yBKzInserito da: In data: n.d. fondo: Via A.Severo 56 Progr:36740